00000000nam##2200000za#4500
0019.530100
003CaOODSP
00520200331230041
007ta
008150406|1998||||xxc|||||     f|0| 0 eng|d
020 |a0-662-63378-4
040 |aCaOODSP|beng
041 |aeng
041 |afre
043 |an-cn---
0861 |aC21-24/19-1998
1101 |aCanada.|bIndustry Canada. |bMicro-Economic Analysis Directorate.
24510|aInter-industry and U.S. R&D spillovers, Canadian industrial production and productivity growth / |cby Jeffrey I. Berstein.
260 |aOttawa - Ontario : |bIndustry Canada. |c1998.
300 |aEnglish text, iii, 30p. : |bgraphs, tables ; |c28 cm.
4901 |aWorking paper|v19
500 |a"The purpose of this study is to investigate the extent to which inter-industry and intra-industry R&D spillovers exist from U.S. to Canadian industries, and to determine the production cost, factor intensity (that is, input per unit of output) and productivity growth effects associated with these spillovers"--Executive summary.
504 |aBibliography.
5203 |aThe purpose of this study is to investigate the extent to which inter-industry and intra-industry R&D spillovers exist from U.S. to Canadian industries, and to determine the production cost, factor intensity (that is, input per unit of output) and productivity growth effects associated with these spillovers--Executive summary
546 |aBilingual
563 |aSoftcover
590 |a98-11|b1998-03-13
69007|aIndustrial productivity|2gcpds
7201 |aBernstein, Jeffrey I.
7760#|tInter-industry and U.S. R&D spillovers, Canadian industrial production and productivity growth / |w(CaOODSP)9.570582
7760#|tRetombées de la R-D entre industries et en provenance des États-Unis, production industrielle et croissance de la productivité au Canada / |w(CaOODSP)9.601231
792 |tRetombées de la R-D entre industries et en provenance des États-Unis, production industrielle et croissance de la productivité au Canada / |efre|w(CaOODSP)9.530101
830#0|aWorking paper ;|v19|w(CaOODSP)9.509052